It looks like you're offline.
Open Library logo
additional options menu

MARC record from Internet Archive

LEADER: 02962cam 2200697Ma 4500
001 ocn228196762
003 OCoLC
005 20200812012823.0
008 080404r20081994enkab 000 f eng
040 $aUKM$beng$cUKM$dBTCTA$dOCLCQ$dDEBBG$dYDXCP$dOCLCQ$dOCLCO$dOCLCQ$dOCLCF$dOCLCO$dNZPPC$dOCLCO$dOCLCQ$dATXAS
015 $aGBA866415$2bnb
016 7 $a014614735$2Uk
020 $a9780752883588$q(pbk.)
020 $a0752883585$q(pbk.)
035 $a(OCoLC)228196762
043 $ae-uk-st
082 04 $a823.914$222
084 $aHN 9990$2rvk
100 1 $aRankin, Ian.
245 10 $aMortal causes /$cIan Rankin.
260 $aLondon :$bOrion,$c2008.
300 $axiv, 320 pages :$billustrations, map ;$c20 cm.
336 $atext$btxt$2rdacontent
336 $astill image$bsti$2rdacontent
336 $acartographic image$bcri$2rdacontent
337 $aunmediated$bn$2rdamedia
338 $avolume$bnc$2rdacarrier
490 1 $aAn Inspector Rebus novel ;$v6
500 $aOriginally published: 1994.
520 $aIn Edinburgh you're never far from a peaceful spot, or from a hellish one either. Now, in the heart of summer, in the midst of a nationalist festival, Inspector John Rebus is on the murder case of a young man left hanging in a spot where his screams would never be heart. To find the victim's identity--and his killer--Rebus searches from Edinburgh's most violent neighborhood to Belfast, Northern Ireland, among petty thugs, gunrunners, and heavyweight criminals. But before Rebus can get to the truth, he's bloodied by the dream of society's madmen--and staring into the glint of a killer's eyes.
650 0 $aRebus, Inspector (Fictitious character)$vFiction.
650 0 $aPolice$zScotland$zEdinburgh$vFiction.
651 0 $aEdinburgh (Scotland)$vFiction.
650 7 $aPolice.$2fast$0(OCoLC)fst01068398
650 7 $aRebus, Inspector (Fictitious character)$2fast$0(OCoLC)fst01091323
651 7 $aScotland$zEdinburgh.$2fast$0(OCoLC)fst01205145
655 0 $aDetective and mystery stories.
655 7 $aDetective and mystery fiction.$2fast$0(OCoLC)fst01726581
655 7 $aFiction.$2fast$0(OCoLC)fst01423787
655 7 $aDetective and mystery fiction.$2lcgft
830 0 $aInspector Rebus novel ;$v6.
938 $aBaker and Taylor$bBTCP$nBK0007835197
938 $aYBP Library Services$bYANK$n3695319
029 1 $aAU@$b000043494438
029 1 $aDEBBG$bBV036038735
029 1 $aNOK$b0752883585
029 1 $aNZ1$b12440153
029 1 $aUKBCI$b117857092
029 1 $aUKBNS$b117857092
029 1 $aUKDEL$b117857092
029 1 $aUKDON$b0752883585
029 1 $aUKDOR$b117857092
029 1 $aUKMDD$b0752883585
029 1 $aUKPMH$b0752883585
029 1 $aUKPMH$b117857092
029 1 $aUKSCO$b117857092
029 1 $aUKSGC$b117857092
029 1 $aUKSOM$b117857092
029 1 $aUNITY$b117857092
994 $aZ0$bP4A
948 $hNO HOLDINGS IN P4A - 109 OTHER HOLDINGS